Ricostruisci la Carriera del Calciatore - Ricardo Álvarez - Statistics

Statistiche generali
  • Questo quiz è stato fatto 4 volte
  • Il punteggio medio è 2 su 6
Statistiche sulle risposte
Hint Risposta % Corretto
2007-2011 Vélez Sarsfield
75%
2011-2014 Inter
50%
2018-2020 Atlas
25%
2016-2018 Sampdoria
25%
2014-2016 Sunderland
25%
2020-2021 Vélez Sarsfield
25%
Nessun quiz corrispondente trovato
Distribuzione punteggi
Percentuale di utenti per punteggio
Percentile per numero di risposta
I tuoi punteggi nel tempo
Non hai fatto questo quiz